00557 a2200169 4500010001400000020002600014035001300040037001600053082000800069100002200077245009200099260004000191270008000231300003000311500004000341700000600381 aENG-89636 a9788178298658c650.00 aEN-73169 bDBAD / PUB14a6581 aConklin, David W.1 aCases in the environment of business:cby David W. ConklinbInternational perspectives/ aNew DelhibSage Publicationsc2007 aB1/11, Mohan Cooperative Industrial Area, Mathura RoadbNew Delhie110 044 axiv, 605p.c24 cm ( Pbk.) aIncludes bibliographical references a.